Electoral Votes: Gains By Party Quiz Stats

 Plays Quiz Updated Jun 20, 2017

Challenge
Share
Tweet
Embed
Score 0/41 Timer 06:00
3 Plays Today
Year: Democrat Increase? D or R (* is correct) % Correct
1856: James Buchanan???
100%
1868: Horatio Seymour???
97.1%
2008: Barack Obama???
86%
2016: Hillary Clinton???
85.4%
1976: Jimmy Carter???
82.7%
1960: John F. Kennedy???
82.1%
1992: Bill Clinton???
80.9%
1968: Hubert Humphrey???
80.7%
1932: Franklin D. Roosevelt???
80.4%
1884: Grover Cleveland???
80.1%
1964: Lyndon B. Johnson???
79.9%
1896: William Jennings Bryan???
79.4%
1892: Grover Cleveland???
79.3%
2000: Al Gore???
78.9%
1920: James M. Cox???
78%
1952: Adlai Stevenson???
78%
1972: George McGovern???
77.5%
1860: Breckenridge (South) and Douglas (North)???
77.4%
1984: Walter Mondale???
76.9%
1912: Woodrow Wilson???
76.5%
1980: Jimmy Carter???
76.4%
Year: Democrat Increase? D or R (* is correct) % Correct
1880: Winfield Scott Hancock???
75.3%
1864: George B. McClellan???
74.4%
2004: John Kerry???
74.4%
1988: Michael Dukakis???
72.1%
1904: Alton B. Parker???
71.8%
1996: Bill Clinton???
69.8%
1936: Franklin D. Roosevelt???
68%
1876: Samuel J. Tilden???
65%
1900: William Jennings Bryan???
64.9%
1948: Harry S Truman???
64.4%
1888: Grover Cleveland???
63.6%
1872: 4 candidates???
62.7%
1928: Al Smith???
59.4%
1956: Adlai Stevenson???
58%
1940: Franklin D. Roosevelt???
57%
2012: Barack Obama???
55.1%
1908: William Jennings Bryan???
54.6%
1944: Franklin D. Roosevelt???
54.6%
1916: Woodrow Wilson???
52.1%
1924: John W. Davis???
50.7%

You're not logged in!

Compare scores with friends on all Sporcle quizzes.
Join for Free
OR
Log In

You Might Also Like...

Show Comments

Extras

Top Quizzes Today


Score Distribution

Your Account Isn't Verified!

In order to create a playlist on Sporcle, you need to verify the email address you used during registration. Go to your Sporcle Settings to finish the process.

Report this User

Report this user for behavior that violates our Community Guidelines.

Details: